| 000 | 005860000a22002050004500 | ||
|---|---|---|---|
| 003 | LK-CoMWRAF | ||
| 005 | 20230921220448.0 | ||
| 008 | 230817t ||||| |||| 00| 0 eng d | ||
| 040 |
_aLK-CoMWRAF _dLK-CoMWRAF _eLK-CoMWRAF |
||
| 041 | _aeng | ||
| 082 |
_a297 _bMOR |
||
| 245 | _aMorals fraternity and co-operation in Islam | ||
| 260 |
_aU.A.E. (Dubai) : _bAhl-ul-Bait Islamic Foundation, |
||
| 300 | _a47p | ||
| 650 | _aFraternity and co-operative in Islam | ||
| 650 | _aMorals in Islam | ||
| 700 |
_aAsadi, Kamber _etrans. |
||
| 700 |
_aHusaini, Mehdi Imam _etrans. |
||
| 942 | _cBK | ||
| 999 |
_c1943 _d1943 |
||